000 00297 a2200145 4500
001 45292
020 _a
040 _cAnchieta - Aquarius
240 1 0 _a*O país sem música
_lpor
245 1 0 _a*O país sem música
300 _a
362 0 _a0
650 4 _aLiteratura infantil
942 _cBK
999 _c45292
_d45292